Top 100 People of the Millennium - Statistics

General Stats
  • This quiz has been taken 2,434 times
    963 since last reset
  • The average score is 52 of 100
Answer Stats
Hint Answer % Correct
E=mc squared Albert Einstein
97%
1st president George Washington
96%
Gravity, falling apples Isaac Newton
96%
Third Reich Adolf Hitler
95%
I have a dream Martin Luther King Jr
92%
Genoan sailor Christopher Columbus
90%
Waterloo Napoleon Bonaparte
89%
All the world's a stage, to be or not to be William Shakespeare
89%
Ode to Joy, 9th symphony, classical composer Ludwig van Beethoven
88%
Beagle, Galapagos Charles Darwin
87%
Sistine chapel Michelangelo
85%
The Magic Flute, Requiem Wolfgang Amadeus Mozart
83%
Model T, assembly line production Henry Ford
82%
Socialism in one country, cult of personality, the Great Purges Joseph Stalin
82%
95 theses Martin Luther
82%
Declaration of Independence Thomas Jefferson
80%
Died of leukaemia caused by exposure to radiation. Marie Sklodowska Curie
79%
Virgin queen Elizabeth I
78%
Workers of the world unite. Karl Marx
78%
ANC, apartheid Nelson Mandela
78%
All power to the Soviets, NEP Vladimir Lenin
78%
Emancipation Abraham Lincoln
77%
Rock and roll in blue suede shoes Elvis Presley
77%
Longest president Franklin D. Roosevelt
77%
ADHD renaissance man Leonardo da Vinci
77%
Printing press Johann Gutenberg
76%
Heliocentric scientist under house arrest Galileo Galilei
75%
Father of the Atomic Bomb Robert Oppenheimer
75%
Id, ego and superego Sigmund Freud
75%
Brothers in the air Wright Brothers
74%
German composer Johann Sebastian Bach
73%
Venetian traveller Marco Polo
72%
Hollywood, Governor, President Ronald Reagan
72%
Fermentation and pasturization Louis Pasteur
71%
Blue period, cubism Pablo Picasso
71%
Celebrity activist, people's princess, Princess Diana
71%
Postmaster flying a kite in a lightning storm with bifocals Benjamin Franklin
70%
Tesla assisted inventor Thomas Edison
70%
E.T., Schindler's List Steven Spielberg
67%
First lady, activist, delegate to the UN Eleanor Roosevelt
66%
Salt march Mahatma Gandhi
66%
Liberator of South America Simon Bolivar
66%
Windows Bill Gates
65%
We shall never surrender Winston Churchill
64%
Largest land empire Genghis Khan
63%
Glasnost and perestroika Mikhail Gorbachev
61%
French saint Joan of Arc
60%
Heliocentric revolution Nicholas Copernicus
60%
Frozen animator Walt Disney
60%
Journey through hell Dante
59%
I think therefore I am, French philosopher Rene Descartes
57%
Went around the world Ferdinand Magellan
56%
Battle of Hastings William the Conqueror
55%
On the Wealth of Nations Adam Smith
54%
The Long March Mao Zedong
50%
Cured syphilis, penicillin Alexander Fleming
49%
Crimean War nurse Florence Nightingale
49%
Portuguese explorer, Cape of Good Hope Vasco da Gama
48%
Candide Voltaire
48%
Jazz, Satchmo Louis Armstrong
46%
Mr. Watson, come here, I want you Alexander Graham Bell
43%
DNA but not Rosalind Franklin, just the two guys James Watson and Francis Crick
41%
Started the British invasion of Ameirca (group name) the Beatles
41%
the Prince Niccolo Machiavelli
40%
A priest who grew peas Gregor Mendel
38%
Moses of her people Harriet Tubman
38%
Steam Engine James Watt
38%
The Little Tramp Charlie Chaplin
37%
Westernized Russia, worked in Dutch shipyard Peter the Great
36%
A day in Dublin, stream of consciousness James Joyce
34%
Suffragete, dollar coin Susan B Anthony
34%
Philosopher of Konigsberg Immanuel Kant
29%
Polio vaccine Jonas Salk
29%
Responsible for the Inquistion, Coloumbus and Reconquista Isabella of Castile
28%
Wireless telegraph, short wave Giovanni Marconi
27%
Uncertainity Principle Werner Heisenberg
27%
Smallpox vaccine Edward Jenner
23%
Atomic theory, quantum mechanics Niels Bohr
22%
Ottoman Sultan Suleiman
21%
19th century novelist idolized by university coeds Jane Austen
20%
A blank slate John Locke
18%
Summa Theologica Thomas Aquinas
18%
Man is born free and everywhere he is in chains Jean Jacques Rousseau
16%
Planned Parenthood Margaret Sanger
16%
Nuclear chain reaction in a squash court Enrico Fermi
15%
Scientific method Francis Bacon
14%
Electro-magnetic force Michael Faraday
14%
Silent Spring Rachel Carson
14%
The life of man [is] solitary, poor, nasty, brutish, and short Thomas Hobbes
14%
Brought AIDS to North America (not a real name) Patient Zero
12%
Pioneer in computing Charles Babbage
11%
The Birth of a Nation D.W. Griffith
10%
Abolitionist and suffragette Elizabeth Stanton
9%
Vindication on the Rights of Women Mary Wollstonecraft
9%
19th/20th century Italian opera singer Enrico Caruso
7%
Pope - enforced celibacy, fought the emperor, investiture controversy Gregory VII
7%
French photographer Louis Daguerre
7%
Circulation of blood William Harvey
5%
The "Pill" Gregory Pincus
1%
TV/RCA Vladimir Zworykin
0%
No matching quizzes found
Score Distribution
Percent of People with Each Score
Percentile by Number Answered
Your Score History
You have not taken this quiz since the last reset